| 000 | 00469nam a2200121Ia 4500 | ||
|---|---|---|---|
| 008 | 220620s9999||||xx |||||||||||||| ||und|| | ||
| 100 | _aGartmann, Thomas | ||
| 245 | 0 | _aChapter 27 Repeatability versus Unrepeatability in Free Improvisation | |
| 546 | _aEnglish[eng] | ||
| 650 | _aPhilosophy, Ontology, Music, Improvisation, Arts, Performance | ||
| 856 | _uhttps://library.oapen.org/bitstream/20.500.12657/52023/1/9781003179443_10.4324_9781003179443-31.pdf | ||
| 942 | _cEB | ||
| 999 |
_c29337 _d29337 |
||